000 00575nam a2200181Ia 4500
005 20250508152951.0
008 008 250505s9999 xx 000 0 eng d
037 _aTextual
040 _aFEDL
_beng
_cFEDL
041 _aeng
_2eng
084 _a321.0973, ACH
_qFEDL
100 _aAcheson Patricia C.
_9762873
245 0 _aOur federal government : How it works : An introduction to the United States Government
260 _aNew York, USA
_bDodd, Mead and Company
_c1959
300 _a168p.
942 _cTEXL
_h321.0973, ACH
999 _c1339887
_d1339887